000 00878nam0a22002771 4500
001 rc\4262026
005 20250612032617.0
021 _aRU
_b[62-78367]
035 _a(NLR Aleph) 008482933
090 _a8001752
_c8001752
100 _a20130416d1962 |||y0rusy50 ca
101 0 _arus
102 _aRU
105 _aa z |||||
200 1 _aМакрогеометрия деталей машин
210 _aМосква
_cМашгиз
_d1962
215 _a275 с.
_cил.
_d22
300 _aПеред загл. авт.: Ш.М. Билик, д-р техн. наук
320 _aБиблиогр.: с. 269-273 (166 назв.)
606 _aДетали машин
_xГеометрия
_2psbo
700 1 _aБилик
_bШ.М.
_gШая Менделевич
801 0 _aRU
_bNLR
_gpsbo
801 1 _aRU
_bELAR
_2rusmarc
852 _aNLR
_j62-5/5200
942 _cBOOK
980 _aNB